Chemie anorganická : určeno pro posluchače fakulty Vys. školy pedagog. 3. [díl] /

Hlavní autor: Pavelka, Vladimír Václav, 1913-
Korporativní autor: Vysoká škola pedagogická v Praze
Jazyk: Čeština
Vydáno: Praha : SPN, 1959
Vydání: 1. vyd.
Edice: Učební texty vysokých škol
Fyzický popis: 339 s. ; 4°
Knihy
Uloženo v:
LEADER 00991nam a22002892a 4500
001 001085784
003 CZ BrMZK
005 20100208091715.0
007 ta
008 100208s1959 xr er|||||||||||cze d
015 |a cnb000456853 
035 |a (OCoLC)85325636 
040 |a ABA001  |b cze  |c KLG001  |d ABA001 
100 1 |a Pavelka, Vladimír Václav,  |d 1913-  |7 jk01092052  |4 aut 
245 1 0 |a Chemie anorganická :  |b určeno pro posluchače fakulty Vys. školy pedagog.  |n 3. [díl] /  |c Vladimír V. Pavelka 
250 |a 1. vyd. 
260 |a Praha :  |b SPN,  |c 1959 
300 |a 339 s. ;  |c 4° 
490 1 |a Učební texty vysokých škol 
500 |a Vyd. Vys. škola pedagog. v Praze 
500 |a Přehl. lit. 
710 2 |a Vysoká škola pedagogická v Praze  |7 kn20050422074 
830 0 |a Učební texty vysokých škol 
910 |a BOA001  |b TK-A-0065.929,3 
990 |a BK 
991 |b 201002 
996 7 |b 2629956997  |c TK-A-0065.929,3  |l MZK  |r Sklad / do 24 hodin  |n 0  |w 001108972  |u 000020  |a 1  |e BOA001  |j MZK50  |s A